000 00962nam a22003017a 4500
003 CHAP
005 20220329141116.0
008 971014s1883 r 00010 d
010 _a62703
011 _a63675
035 _a67852
040 _cCHAP
082 _a636.082
_bD5
100 0 0 _aDillman, C.
_932588
245 _aManual del ganadro mexicano
_b: instrucciones para el establecimiento y dirección de las fincas ganaderas
260 _aMéxico, D.F. :
_bImprenta y Litografía Española,
_c1883
300 _a419 p.
501 _aEnc. con impresos similares
590 _aBATCH-UPD
_b10
_c20130110
_lUCH01
_h0409
590 _aBATCH-UPD
_b10
_c20130410
_lUCH01
_h0043
590 _aBATCH-UPD
_b10
_c20130914
_lUCH01
_h1203
590 _aCONVERSION
_b10
_c20130109
_lUCH01
_h1334
650 1 4 _aGanadería.
_944604
700 0 _aGarcía, Miguel.
_946797
901 _aBK
942 _cLIBRO
949 _a636.082 D5
_bBC
_cBPP
_d-154028
_eBPP
_h24225
_i67852
_si
999 _c62703
_d62703